| 000 | 00689nam a22002177a 4500 | ||
|---|---|---|---|
| 003 | LK-CoMWRAF | ||
| 005 | 20231010121335.0 | ||
| 008 | 231010b1994 |||||||| |||| 00| 0 eng d | ||
| 040 |
_aLK-CoMWRAF _dLK-CoMWRAF _eLK-CoMWRAF |
||
| 041 | _aeng | ||
| 082 |
_a302.14 _bKHA |
||
| 100 | _aKhan, Iqbal Ansari. | ||
| 245 |
_aIn-depth look at the Babri Mosque: _bcontempt of court vs contempt of God? |
||
| 260 |
_aDhaka: _bAuthor, _c1994 |
||
| 300 |
_a xi, 174 p. : ill., map ; 22 cm. _bBibliography included |
||
| 650 | _aCOMMUNALISM-India-Faizbad | ||
| 650 | _aHindus--India--Faizabad | ||
| 650 | _aMuslims--India--Faizabad | ||
| 650 | _aAyodhya (Faizabad, India)--History. | ||
| 942 | _cBK | ||
| 999 |
_c3831 _d3831 |
||